Countries with French as an Official Language - Sudden Death - Statistics

General Stats
  • This quiz has been taken 82 times
  • The average score is 5 of 13
Answers on the Grid
Answers color-coded by a green-red scale on the quiz's grid according to % correct below.
Gabon
Sudan
Mali
Madagascar
Niger
South Sudan
Djibouti
Namibia
Mexico
Angola
Canada
Senegal
Chad
Turkey
Iraq
Guinea
Cameroon
Ethiopia
France
Kazakhstan
Benin
Togo
Kenya
Belgium
 
Answer Stats
Answer % Correct
Gabon
68%
Belgium
53%
France
53%
Cameroon
47%
Canada
47%
Senegal
47%
Benin
32%
Djibouti
32%
Niger
32%
Togo
32%
Chad
26%
Madagascar
21%
Guinea
16%
No matching quizzes found
Score Distribution
Percent of People with Each Score
Percentile by Number Answered
Your Score History
You have not taken this quiz